000 00736nam a2200241Ia 4500
003 OSt
005 20220923214749.0
006 a|||||r|||| 00| 0
007 ta
008 220922b |||||||| |||| 00| 0 hin d
024 _a172,472
037 _cTextual
040 _aARTS
_cARTS
_bhin
041 _2hin
_ahin
082 _aO152,3N05,MU, K5;L8
100 _aजैनेन्द्र कुमार
245 0 _aमुक्ति बोध
246 _aMukti bodha
260 _aदिल्ली
_b पूर्वोदय प्रका0
_c1978
300 _a127पृ.
_ccm.
942 _hO152,3N05,MU, K5;L8
_cTEXL
_2CC
999 _c326532
_d326532